A percepçao do professor de educaçao infantil sobre o desenho da criança (Record no. 601355)
[ view plain ]
| 000 -CABECERA | |
|---|---|
| Campo de control de longitud fija | 00571nab a2200157Ia 4500 |
| 003 - IDENTIFICADOR DEL NÚMERO DE CONTROL | |
| Campo de control | ES-SlBCS |
| 005 - FECHA Y HORA DE LA ÚLTIMA TRANSACCIÓN | |
| Campo de control | 20210601133734.0 |
| 008 - CÓDIGOS DE INFORMACIÓN DE LONGITUD FIJA | |
| Campo de control de longitud fija | 140529s1999 xxu||||| |||| 00| 0 por d |
| 041 ## - CÓDIGO DE LENGUA | |
| Código de lengua del texto/banda sonora o título independiente | por |
| 100 1# - PUNTO DE ACCESO PRINCIPAL-NOMBRE DE PERSONA | |
| Nombre de persona | Cintra da Silva, Silvia Maria |
| 9 (RLIN) | 209009 |
| 245 02 - MENCIÓN DE TÍTULO | |
| Título | A percepçao do professor de educaçao infantil sobre o desenho da criança |
| Mención de responsabilidad, etc. | Silvia Maria Cintra Da Silva, Cinara Sommerthalder |
| 650 04 - PUNTO DE ACCESO ADICIONAL DE MATERIA-TÉRMINO DE MATERIA | |
| Término de materia o nombre geográfico como elemento inicial | Educación Infantil |
| 9 (RLIN) | 125285 |
| 700 1# - PUNTO DE ACCESO ADICIONAL-NOMBRE DE PERSONA | |
| Nombre de persona | Sommerthalder, Cinara |
| 9 (RLIN) | 209010 |
| 773 0# - ENLACE AL DOCUMENTO FUENTE | |
| Título | Educaçao e Filosofia |
| Parte(s) relacionada(s) | vol. 13, nº. 26, 1999, págs. 237 |
| Número de control del registro relacionado | Rev1534 |
| 942 ## - ENTRADA DE ELEMENTOS AGREGADOS (KOHA) | |
| Koha [por defecto] tipo de item | Artículos de revista |
| Suprimido | Perdido | Estropeado | No para préstamo | Localización permanente | Localización actual | Localización en estantería | Fecha adquisición | Préstamos totales | Fecha última consulta | Fecha del precio de reemplazo | Tipo de item de Koha |
|---|---|---|---|---|---|---|---|---|---|---|---|
| San Esteban | San Esteban | Depósito de revistas | 11/07/2014 | 11/07/2014 | 11/07/2014 | Artículos de revista |
